| Поле | Инд. | ПП | Название | Значение |
|---|---|---|---|---|
| Тип записи | a | |||
| Библиографический уровень | m | |||
| 001 | Контрольный номер | RU/IS/BASE/310557497 | ||
| 005 | Дата корректировки | 20150513113643.0 | ||
| 020 | a | ISBN | 5-94836-033-4 | |
| a | ISBN | 1-56881-095-4 (нем.) | ||
| 040 | a | Служба первич. каталог. | НБ ТвГУ | |
| b | Код языка каталог. | rus | ||
| e | Правила каталог. | PSBO | ||
| 041 | 0_ | a | Код языка текста | rus |
| 080 | a | Индекс УДК | 517.443(075.8) | |
| 080 | a | Индекс УДК | 621.391(075.8) | |
| 084 | a | Индекс другой классификации/Индекс ББК | В161.2я73-1 | |
| 084 | a | Индекс другой классификации/Индекс ББК | З811.3я73-1 | |
| 090 | a | Полочн. индекс | В161.2 | |
| x | Авторский знак | Б 68 | ||
| 100 | 1_ | a | Автор | Блаттер Кристиан |
| q | Полное имя | Блаттер К. | ||
| 245 | 10 | a | Заглавие | Вейвлет-анализ. Основы теории |
| b | Продолж. заглавия | учебное пособие для студентов по специальности 01.02 "Прикладная математика" | ||
| c | Ответственность | пер. с нем. Т. Э. Кренкеля ; под ред. А. Г. Кюркчана | ||
| 246 | a | Другая форма заглавия | Основы теории | |
| 260 | a | Место издания | Москва | |
| b | Издательство | Техносфера | ||
| c | Дата издания | 2006 | ||
| 300 | a | Объем | 271 с. | |
| b | Иллюстрации/ тип воспроизводства | ил. | ||
| 440 | a | Серия | Мир математики | |
| n | Номер части | Цифровая обработка сигналов | ||
| 504 | a | Библиография | Библиогр.: с. 234-235, с. 254-255, с. 270-271 | |
| 520 | a | Аннотация | Первое полноценное учебное пособие по новой, быстроразвивающейся математической дисциплине – теории вейвлетов. До сих пор такие учебники на русском языке не выходили. Книга дополнена упражнениями, что делает ее отличным пособием для студентов старших курсов и аспирантов, специалистов по теории связи, заинтересованных в современных методах обработки сигналов. | |
| 653 | a | Ключевые слова | Вейвлет-анализ | |
| a | Ключевые слова | Вейвлеты | ||
| a | Ключевые слова | Обработка сигналов | ||
| a | Ключевые слова | Сигналы | ||
| a | Ключевые слова | Теория вейвлетов | ||
| a | Ключевые слова | Учебники для вузов | ||
| 910 | a | гриф есть** | ||
| 920 | a | Оператор | Густ | |
| 930 | a | Новая/Ретро | учебники | |
| 940 | a | ПМиК | ||
| d | методы и алгоритмы оценивания случайных процессов | |||
| 952 | c | Вид литературы | К ру | |
| 954 | a | Дата поступления на обработку | 20100413 | |
| 990 | a | Автор заказа (DOS) | каф. мат. моделирования | |
| b | Заказано (DOS) | 5 |